00584nam a2200193Ia 450000500170000000800410001702000180005804000180007604100080009408200220010210000180012424500640014225000360020626000440024230000250028665000160031165000350032765000280036220220729102615.0210716s2009 xx 000 0 und d a9780412040610 cAIMIT LIBRARY aeng a519.535 21bSCHJ aSchafer, J L. aAnalysis of incomplete multivariate data /cBy J L Schafer. a1st ed.bSpecial Indian Edition aLondon :bChapman & Hall / CRC ,c2009. axiv, 430p. ;c21 cm. aAssumptions aInference by data augmentation aMethods for normal data